Rokovanie Rady pre medzinárodné účtovné štandardy (IASB)

Na minha lista:
Detalhes bibliográficos
Autor principal: Tumpach, Miloš, 1970-
Formato: Capítulo de Livro
Idioma:eslovaco
Tags: Adicionar Tag
Sem tags, seja o primeiro a adicionar uma tag!

MARC

LEADER 00000naa$a2200000$$$4500
001 0062198
005 20240502071711.7
041 0 |a slo 
044 |a SK 
245 1 0 |a Rokovanie Rady pre medzinárodné účtovné štandardy (IASB)  |c Miloš Tumpach 
100 1 |a Tumpach, Miloš, 1970-